Bibliografía de Bibliografías Argentinas
Spremljeno u:
| Glavni autori: | , |
|---|---|
| Format: | Knjiga |
| Jezik: | španjolski |
| Izdano: |
Buenos Aires
Sociedad Argentina de Información
2000
|
| Izdanje: | 1a. ed |
| Teme: | |
| Oznake: |
Dodaj oznaku
Bez oznaka, Budi prvi tko označuje ovaj zapis!
|
MARC
| LEADER | 00000nam a2200000 a 4500 | ||
|---|---|---|---|
| 001 | UCJ8032 | ||
| 003 | CL-VaPUC | ||
| 008 | 070124e20000000AG |||||||||||||||||spa|d | ||
| 082 | 0 | 4 | |a 011 |b ZAB |2 21 |
| 100 | 0 | |a Zabala, Horacio |e author |9 516743 | |
| 700 | 0 | |a Fernández, Oscar |e author |9 516744 | |
| 245 | 1 | 0 | |a Bibliografía de Bibliografías Argentinas |
| 250 | |a 1a. ed | ||
| 300 | |a 259 p | ||
| 942 | |c BK | ||
| 945 | |d 20070124 00:00:00 |a rinostro | ||
| 260 | |a Buenos Aires |b Sociedad Argentina de Información |c 2000 | ||
| 650 | 0 | |a Bibliografías |9 257071 | |
| 651 | 0 | |a Argentina |9 254888 | |
| 583 | |a last modification |c 20070124 00:00:00 |k Rodrigo Vera | ||
| 999 | |c 323892 |d 323890 | ||
| 952 | |0 0 |1 0 |4 0 |6 011_000000000000000_ZAB_2000 |7 0 |8 X |9 403729 |a FDOBUD |b FDOBUD |d 2019-11-22 |i 1071858 |o 011 ZAB 2000 |p 1071858 |r 2019-11-22 |w 2019-11-22 |y BK_X |k BUD | ||
| 952 | |0 0 |1 0 |4 0 |6 011_000000000000000_ZAB_2000 |7 0 |8 X |9 403730 |a FDOBUD |b FDOBUD |d 2019-11-22 |i 459679K |o 011 ZAB 2000 |p 459679K |r 2019-11-22 |w 2019-11-22 |y BK_X |k BUD | ||